[Event "DFMMLV 2017"]
[Site "Braunfels"]
[Date "2017.06.16"]
[Round "3"]
[White "Barpiyeva, Gulsana"]
[Black "Atalik, Ekaterina"]
[Result "0-1"]
[WhiteElo "2109"]
[BlackElo "2440"]
[Annotator "TA"]
[PlyCount "158"]
[EventDate "2017.??.??"]
[EventType "team-tourn"]
[EventCountry "GER"]
[SourceTitle "playchess.com"]
[Source "ChessBase"]
[SourceQuality "1"]

{[%evp 15,158,6,8,0,0,0,0,0,0,0,0,0,15,-6,-13,-29,-37,-39,-31,-43,-31,-40,-42,-33,-13,-13,33,-19,-12,-6,-8,-11,1,-22,-25,-24,-28,-33,445,-18,-19,-32,-23,-15,-20,-27,0,0,0,-27,-26,-20,-21,-27,-8,-8,-4,-24,-12,-18,-16,-13,8,-37,-25,-37,-36,-68,-47,-47,-40,-40,-35,-36,-26,-119,-112,-152,-161,-143,-158,-195,-189,-162,-129,-168,-162,-403,-398,-403,-402,-393,-388,-377,-362,-344,-255,-258,-239,-342,-300,-293,-255,-260,-260,-237,-233,-264,-265,-252,-226,-258,-256,-281,-258,-356,-356,-344,-345,-347,-230,-525,-497,-1072,-1087,-1079,-965,-12839,-10474,-12845,-12845,-12845,-12845,-12846,-12846,-12847,-12847,-12850,-29977,-12851,-29978,-12851,-29982,-12851,-29983]} 1. Nf3 d5 2. d4 Nf6 3. e3 e6 4. Bd3 b6 5. O-O Be7 6. Nbd2 Bb7 7. b3 O-O 8. Bb2 c5 9. c3 {A47: 1 d4 Nf6 2 Nf3 b6: Torre, London and Colle Systems} Nc6 (9... Nbd7 10. Qe2 Bd6 11. c4 cxd4 12. exd4 Qe7 13. Ne5 Ba3 14. Bxa3 Qxa3 15. f4 Qb2 16. Nef3 dxc4 17. bxc4 Bxf3 18. Nxf3 Qxe2 19. Bxe2 {½-½ (123) Carlsen,M (2840)-Giri,A (2773) Wijk aan Zee 2017}) 10. Rc1 Bd6 11. Re1 {The position is equal.} Qe7 12. h3 $146 ({Predecessor:} 12. Bb1 Rac8 13. e4 dxe4 14. Nxe4 Bf4 {½-½ (14) Weemaes,R (2330)-Gerencer,J (2200) Antwerp 1994}) 12... Rad8 13. Qe2 Rfe8 14. Bb1 e5 15. dxe5 Nxe5 16. Nxe5 Qxe5 17. Nf3 Qh5 18. Nd2 Qxe2 19. Rxe2 Be5 20. Nf3 Bc6 21. Rd2 (21. Nxe5 $14 Rxe5 22. Rd2) 21... Bc7 $11 22. Rdd1 Ne4 23. Bd3 f5 24. Rc2 f4 25. exf4 Bxf4 26. Bc1 Bb7 $2 {[%mdl 8192] [#]} (26... Bd6 $15 {keeps the upper hand.}) 27. Bb2 $2 ({Only move:} 27. Bxf4 $18 {Threatens to win with Ne5.} Re6 28. Ne5) 27... g6 28. Bc1 Bb8 29. Ng5 Nf6 30. Kf1 Kg7 31. Bb5 Re7 32. Re2 Rxe2 33. Kxe2 Bc8 34. Kf1 a6 (34... h6 $5 35. Nf3 $8 Ne4 $11) 35. Bd3 Re8 36. Re1 Rxe1+ 37. Kxe1 h6 38. Nf3 g5 39. Bb2 Nh5 40. c4+ d4 41. Be4 Nf6 42. Bd3 Bb7 43. Ke2 Kf7 44. g3 Ke6 45. Nd2 (45. h4 $11 {keeps the balance.}) 45... Bg2 $17 46. h4 gxh4 47. gxh4 Nh5 48. Bh7 Nf4+ 49. Kd1 Bd6 50. Bc1 Ke5 51. Nb1 $2 (51. b4) 51... Be7 $19 52. Bxf4+ Kxf4 {[%mdl 4096] Endgame KBB-KBN} 53. Nd2 Bxh4 54. Ke2 Bc6 55. Bg6 Bd8 56. f3 Bd7 57. Bh5 (57. Ne4 $142) 57... b5 58. Ne4 Be7 59. Bf7 {[#]} d3+ $1 {[%mdl 512]} 60. Kxd3 Kxf3 61. Bh5+ Kf4 62. Nc3 Ke5 63. Nd5 Bf5+ 64. Ke2 Bd8 65. Ne3 Bb1 66. cxb5 axb5 67. Be8 b4 68. Ng4+ $2 (68. a3) 68... Kd4 69. Nxh6 (69. Bf7 $142 Bxa2 70. Nf2) 69... Bxa2 70. Nf7 Bf6 71. Ba4 c4 72. Nd6 cxb3 73. Nf5+ Kc3 74. Ne3 b2 75. Nd1+ Kc4 76. Nxb2+ Bxb2 77. Be8 Kc3 78. Bg6 Bc4+ 79. Kd1 b3 {Precision: White = 39%, Black = 56%.} 0-1

[Event "DFMMLV 2017"]
[Site "Braunfels"]
[Date "2017.06.16"]
[Round "3"]
[White "Zpevakova, Jana"]
[Black "Frank, Michelle Viviane"]
[Result "1-0"]
[WhiteElo "2093"]
[BlackElo "1949"]
[Annotator "NA"]
[PlyCount "67"]
[EventDate "2017.??.??"]
[EventType "team-tourn"]
[EventCountry "GER"]
[SourceTitle "playchess.com"]
[Source "ChessBase"]
[SourceQuality "1"]
[TimeControl "40/5400+30:1800+30"]

1. d4 {[%emt 0:00:00]} Nf6 {[%emt 0:00:16]} 2. c4 {[%emt 0:00:00]} g6 {[%emt 0:00:04]} 3. Nc3 {[%emt 0:00:00]} Bg7 {[%emt 0:00:05]} 4. Nf3 {[%emt 0:00:00]} d6 {[%emt 0:00:06]} 5. Bg5 {[%emt 0:00:06]} h6 {[%emt 0:00:22]} 6. Bh4 {[%emt 0:00:31]} g5 {[%emt 0:00:12]} 7. Bg3 {[%emt 0:00:10]} Nh5 {[%emt 0:00:05]} 8. e3 {[%emt 0:01:11]} e6 {[%emt 0:01:13]} 9. Be2 {[%emt 0:00:28]} a6 {[%emt 0:02:13] E61: King's Indian: Early deviations for White, including Smyslov System} (9... Nd7 10. Qc2 Qe7 11. O-O-O Ndf6 12. Kb1 Bd7 13. Nd2 {½-½ (13) Moiseenko,A (2662)-Radjabov,T (2717) Sochi 2006}) 10. Qc2 {[%emt 0:00:58]} Qe7 {[%emt 0:06:28]} 11. Nd2 $146 {[%emt 0:02:34]} ({Predecessor:} 11. Rd1 Nd7 12. c5 Nxg3 13. cxd6 cxd6 14. hxg3 d5 15. e4 dxe4 16. Nxe4 Qb4+ {½-½ (55) Martinez,M-Fiorito,F (2425) Mar del Plata 1993}) 11... Nxg3 {[%emt 0:00:09]} 12. hxg3 {[%emt 0:00:05]} c6 {[%emt 0:01:33]} 13. b4 {[%emt 0:03:56]} O-O {[%emt 0:02:50]} 14. O-O {[%emt 0:01:59]} Nd7 {[%emt 0:07:15]} 15. Bf3 {[%emt 0:01:32]} d5 {[%emt 0:02:22]} 16. b5 {[%emt 0:01:51]} f5 {[%emt 0:01:55]} 17. bxc6 {[%emt 0:01:44]} bxc6 {[%emt 0:04:16]} 18. cxd5 {[%emt 0:00:13]} cxd5 {[%emt 0:00:21] [#]} 19. Nxd5 $1 {[%emt 0:00:17]} Qd6 $2 {[%emt 0:01:04]} (19... Qf7 20. Ne7+ Qxe7) 20. Nc4 {[%emt 0:02:40]} Qb8 {[%emt 0:00:14]} 21. Ne7+ {[%emt 0:01:38]} Kf7 {[%emt 0:00:34]} 22. Bxa8 {[%emt 0:00:47]} Kxe7 {[%emt 0:01:17]} 23. Bf3 {[%emt 0:01:00]} g4 {[%emt 0:03:51]} 24. Bc6 {[%emt 0:01:33]} h5 {[%emt 0:00:29]} 25. d5 {[%emt 0:01:01]} exd5 {[%emt 0:01:14]} 26. Rab1 {[%emt 0:02:06]} Qc7 {[%emt 0:01:31]} 27. Bxd7 {[%emt 0:03:31]} Bxd7 {[%emt 0:00:29]} 28. Na3 {[%emt 0:00:04]} Qxc2 {[%emt 0:02:59]} 29. Nxc2 {[%emt 0:00:04]} Bb5 {[%emt 0:00:06]} 30. Rfd1 {[%emt 0:01:34]} Bc4 {[%emt 0:03:02]} 31. Rb7+ {[%emt 0:00:44]} Kf6 {[%emt 0:00:06]} 32. Rdb1 $18 {[%emt 0:01:03]} Bh6 {[%emt 0:00:38]} 33. R1b6+ {[%emt 0:00:14]} Kg5 {[%emt 0:00:08]} 34. Rh7 {[%emt 0:00:48]} 1-0

[Event "DFMMLV 2017"]
[Site "Braunfels"]
[Date "2017.06.16"]
[Round "3"]
[White "Plass, Mariana-Camelia"]
[Black "Klek, Hanna Marie"]
[Result "0-1"]
[WhiteElo "2078"]
[BlackElo "2368"]
[Annotator "TA"]
[PlyCount "110"]
[EventDate "2017.??.??"]
[EventType "team-tourn"]
[EventCountry "GER"]
[SourceTitle "playchess.com"]
[Source "ChessBase"]
[SourceQuality "1"]

{[%evp 14,110,24,31,57,43,62,33,92,62,78,56,99,89,72,66,156,156,156,149,191,212,204,204,229,228,213,246,219,164,157,148,174,57,66,41,114,23,56,44,47,-25,-25,0,18,29,231,0,0,0,0,-210,-179,-234,-228,-587,-152,-123,-135,-214,-204,-506,-498,-518,-399,-564,-568,-606,-689,-648,-497,-473,-484,-462,-412,-1530,-1487,-1316,-1226,-2207,-1432,-1337,-1321,-992,-929,-6129,-6121,-4926,-765,-765,-703,-4816,-4881,-4276,-4004,-4914,-4914,-29983,-694]} 1. d4 Nf6 2. c4 e6 3. g3 d5 4. Bg2 dxc4 5. Qa4+ Bd7 {[%cal Bc8d7,Bd7c6,Bc6d5][%mdl 32]} 6. Qxc4 Bc6 7. Nf3 Bd5 8. Qa4+ Nc6 {E02: Open Catalan: 5 Qa4+} 9. Nc3 Qd7 $146 ({Predecessor:} 9... Bb4 10. O-O O-O 11. Bg5 h6 12. Nxd5 exd5 13. Bxf6 Qxf6 14. Qb5 a5 15. e3 Ne7 16. a3 {0-1 (62) Al Zaruoni,F (1654)-Derakhshani,B (1979) Al Ain 2014}) 10. O-O a6 (10... Bxf3 $14 11. Bxf3 Nxd4) 11. a3 O-O-O {Threatening ...Bxf3.} 12. e3 Bxf3 13. Bxf3 Nd5 14. Bd2 f5 ({Black should play} 14... Kb8 $14) 15. Nxd5 $16 exd5 16. b4 {[%cal Bb2b4,Bb4b5][%mdl 32]} Kb8 {Black wants to play ...Nxd4.} 17. Qb3 g5 18. a4 h5 19. b5 Na7 20. bxa6 {[%csl Ga6][%cal Rb3b7]} b6 21. Qd1 g4 22. Bg2 h4 23. f3 (23. Re1 $18) 23... hxg3 $14 24. hxg3 Nc8 ({Black should try} 24... Bd6 $14) 25. Rb1 (25. a5 $16) 25... Ka7 26. a5 {aiming for fxg4.} b5 27. Qe2 ({Better is} 27. Qc2 $14 gxf3 28. Rxf3) 27... c6 $11 28. fxg4 Bd6 29. Rxf5 {Black must now prevent e4.} Qh7 $2 {[#]} (29... Bxg3 $11 {and Black has nothing to worry.} 30. Bb4 Nd6 31. Bc5+ Kxa6 32. Bxd6 Bxd6) 30. Rxb5 $2 (30. e4 $1 $18 {Threatens to win with Rh5.} Qh2+ 31. Kf1) 30... cxb5 31. Qxb5 Qc7 32. Rf1 $2 {[#]} (32. Bxd5 $11 {and White is okay.} Ne7 33. Rf7) 32... Ne7 $1 $19 33. Rc1 (33. Qb6+ $142 Qxb6 34. axb6+ Kxb6 35. e4) 33... Qb8 34. Qd3 $2 (34. Rb1 {is more resistant.} Qxb5 35. Rxb5) 34... Rd7 $2 (34... Bxg3 $19 {is more deadly. And now ...Rdf8 would win.} 35. Qb1 Rdf8 36. Qb6+ Qxb6 37. axb6+ Kxb6) 35. Rb1 $17 Qc8 36. Rb6 (36. e4 $17 {was called for.} Qc4 37. Qxc4 dxc4 38. Bf1) 36... Bxg3 $19 37. Bb4 $2 (37. Bf3) 37... Qf8 {[%csl Gg3][%cal Rf8f2]} 38. Qe2 Bh2+ 39. Kh1 {White hopes to continue with Bc5.} Bd6+ 40. Kg1 Bxb4 41. Rxb4 Rc7 42. Rb7+ Rxb7 43. axb7 Qh6 44. e4 (44. Qf2 $142) 44... Qh2+ 45. Kf2 Rf8+ 46. Ke3 Qh6+ 47. Kd3 Qa6+ 48. Ke3 Qxa5 {Strongly threatening ...Qc3+.} 49. Qb2 Qe1+ 50. Qe2 Qxe2+ (50... Qc3+ $142 51. Qd3 Qe1+ 52. Qe2 Qg1+ 53. Kd3 Rf2) 51. Kxe2 Kxb7 52. exd5 Kc7 53. Ke3 Kd6 54. Ke4 Nxd5 55. Bf3 Rf4+ {Precision: White = 25%, Black = 43%.} 0-1

[Event "DFMMLV 2017"]
[Site "Braunfels"]
[Date "2017.06.16"]
[Round "3"]
[White "Rempel, Yana"]
[Black "Liez, Franziska"]
[Result "1/2-1/2"]
[WhiteElo "2059"]
[BlackElo "1844"]
[Annotator "NA RC"]
[PlyCount "100"]
[EventDate "2017.??.??"]
[EventType "team-tourn"]
[EventCountry "GER"]
[SourceTitle "playchess.com"]
[Source "ChessBase"]
[SourceQuality "1"]
[TimeControl "40/5400+30:1800+30"]

1. e4 {[%emt 0:00:00]} e5 {[%emt 0:00:11]} 2. d4 {[%emt 0:00:01]} exd4 {[%emt 0:01:15]} 3. Qxd4 {[%emt 0:00:03]} Nc6 {[%emt 0:00:10]} 4. Qe3 {[%emt 0:00:04]} d6 {[%emt 0:07:13]} 5. Nc3 {[%emt 0:00:09]} Nf6 {[%emt 0:01:25]} 6. Bd2 {[%emt 0:00:15]} Be6 {[%emt 0:02:55]} 7. O-O-O {[%emt 0:00:52]} Qe7 {[%emt 0:04:35] C22: Centre Game} (7... g6 8. f4 Bg7 9. f5 Bd7 10. Qh3 Ne5 11. Be2 Bc6 12. Bf3 Qe7 13. Nge2 Nc4 14. Nd4 Qe5 15. Bh6 Bxh6+ 16. Qxh6 {1-0 (35) Nadj Hedjesi,B (2371)-Djuretanovic,I (2223) Senta 2007}) 8. Bb5 {[%emt 0:08:38]} g6 {[%emt 0:02:02]} 9. f4 {[%emt 0:06:32]} (9. Nd5 $5 Nxd5 10. exd5 Bxd5 11. Qd4 Bxg2 12. Qxh8 $16) 9... Bg7 $146 {[%emt 0:01:36]} ({Predecessor:} 9... Bd7 10. h3 a6 11. Bd3 O-O-O 12. Nf3 Bg7 13. Rhe1 Rde8 14. e5 dxe5 15. Nxe5 {1-0 (23) Barragan Hernandez,M (2050)-Eilais,M (1779) Barcelona 2015}) 10. Nf3 {[%emt 0:01:34]} Bd7 {[%emt 0:04:53]} 11. Rhe1 {[%emt 0:10:16]} O-O {[%emt 0:04:21]} 12. h3 {[%emt 0:06:32]} a6 {[%emt 0:01:21]} 13. Bd3 {[%emt 0:03:10]} Nb4 {[%emt 0:06:24]} 14. Bf1 {[%emt 0:03:22]} c5 {[%emt 0:03:46]} (14... Bb5 $16) 15. g4 {[%emt 0:05:09]} b5 {[%emt 0:02:40]} 16. a3 {[%emt 0:07:50]} Nc6 {[%emt 0:00:51] [#]} 17. e5 $1 {[%emt 0:00:19]} Ne8 {[%emt 0:05:36]} 18. Nd5 {[%emt 0:12:05]} Qd8 {[%emt 0:08:06]} 19. exd6 {[%emt 0:03:07]} Nxd6 {[%emt 0:01:01]} 20. Qxc5 {[%emt 0:00:29]} Nb7 {[%emt 0:01:04]} 21. Qb6 {[%emt 0:08:11]} Qxb6 {[%emt 0:03:26]} 22. Nxb6 {[%emt 0:00:05]} Rad8 {[%emt 0:00:29]} 23. Nxd7 {[%emt 0:00:45]} (23. Bb4 $142 Be6 24. Bxf8 Rxd1+ 25. Rxd1 Bxf8 26. Ng5) 23... Rxd7 {[%emt 0:00:05]} 24. Bg2 {[%emt 0:03:25]} Rfd8 {[%emt 0:04:34]} 25. Ng5 {[%emt 0:06:05]} Nca5 {[%emt 0:06:53]} 26. b3 {[%emt 0:09:00]} h6 {[%emt 0:02:58]} (26... Nxb3+ $142 27. cxb3 Nc5) 27. Ne4 {[%emt 0:00:26]} Rc8 {[%emt 0:01:20]} 28. Kb1 {[%emt 0:01:31]} Rcd8 {[%emt 0:03:12]} 29. f5 {[%emt 0:01:20]} Kh7 {[%emt 0:03:47]} 30. Bf3 {[%emt 0:00:44]} Nc6 {[%emt 0:02:05]} 31. f6 {[%emt 0:00:43]} Bf8 {[%emt 0:00:45]} 32. Bc1 {[%emt 0:01:21]} Nd4 {[%emt 0:02:01]} 33. Bg2 {[%emt 0:00:05]} Nc5 {[%emt 0:04:10]} 34. Nxc5 {[%emt 0:01:24]} Bxc5 {[%emt 0:00:14]} 35. Rd3 {[%emt 0:00:02]} Ne6 {[%emt 0:00:51]} 36. Red1 {[%emt 0:00:52]} Rxd3 {[%emt 0:02:48]} 37. Rxd3 {[%emt 0:00:06]} Rxd3 {[%emt 0:00:08]} 38. cxd3 {[%emt 0:00:03]} a5 {[%emt 0:01:10]} 39. h4 {[%emt 0:01:19]} b4 {[%emt 0:01:53]} 40. axb4 {[%emt 0:00:55]} axb4 {[%emt 0:30:43]} 41. Bd5 {[%emt 0:30:49]} (41. Bd2 $16) 41... h5 {[%emt 0:05:02]} 42. Bxe6 {[%emt 0:00:00]} fxe6 {[%emt 0:00:00]} 43. g5 {[%emt 0:00:00]} Kg8 {[%emt 0:00:00]} 44. Kc2 {[%emt 0:00:00]} Bf2 {[%emt 0:00:00]} 45. Kd1 {[%emt 0:00:00]} Bxh4 {[%emt 0:00:00]} 46. Ke2 {[%emt 0:00:00]} Bg3 {[%emt 0:00:00]} 47. Kf3 {[%emt 0:00:00]} Be1 {[%emt 0:00:00]} 48. Bf4 {[%emt 0:00:00]} Kf7 {[%emt 0:00:00]} 49. Ke2 {[%emt 0:00:00]} Bc3 {[%emt 0:00:00]} 50. Bg3 {[%emt 0:00:00]} Bd4 {[%emt 0:00:00]} (50... Ke8) 1/2-1/2

[Event "DFMMLV 2017"]
[Site "Braunfels"]
[Date "2017.06.16"]
[Round "3"]
[White "Daemering, Katrin"]
[Black "Steimbach, Isabel"]
[Result "1-0"]
[WhiteElo "2030"]
[BlackElo "1972"]
[Annotator "NA"]
[PlyCount "61"]
[EventDate "2017.??.??"]
[EventType "team-tourn"]
[EventCountry "GER"]
[SourceTitle "playchess.com"]
[Source "ChessBase"]
[SourceQuality "1"]
[TimeControl "40/5400+30:1800+30"]

1. e4 {[%emt 0:00:00]} c5 {[%emt 0:00:03]} 2. Nf3 {[%emt 0:00:00]} d6 {[%emt 0:00:04]} 3. d4 {[%emt 0:00:00]} cxd4 {[%emt 0:00:04]} 4. Nxd4 {[%emt 0:00:00]} Nf6 {[%emt 0:00:06]} 5. Nc3 {[%emt 0:00:01]} a6 {[%emt 0:00:04]} 6. Bg5 {[%emt 0:01:07]} e6 {[%emt 0:00:07]} 7. f4 {[%emt 0:00:13]} Qb6 {[%emt 0:00:37]} 8. Nb3 {[%emt 0:02:26]} Nbd7 {[%emt 0:00:40]} 9. Qf3 {[%emt 0:02:01]} Be7 {[%emt 0:00:34]} 10. g4 {[%emt 0:03:38]} Qc7 {[%emt 0:01:53]} 11. O-O-O {[%emt 0:08:50]} b5 {[%emt 0:01:54]} 12. a3 {[%emt 0:04:38] B97: Sicilian Najdorf: Poisoned Pawn} (12. Bxf6 Nxf6 13. g5 Nd7 {½-½ (13) Drake Diez de Rivera,P (2555)-Toro Solis de Ovando,G (2616) ICCF email 2007}) 12... Bb7 {[%emt 0:01:53]} 13. Bd3 {[%emt 0:01:18]} Rc8 {[%emt 0:01:45]} 14. Rhe1 {[%emt 0:03:57]} h6 {[%emt 0:02:44]} 15. Qh3 {[%emt 0:03:41]} e5 $146 {[%emt 0:33:45]} ({Predecessor:} 15... Rg8 16. Bh4 d5 17. e5 Ne4 18. Bxe7 Kxe7 19. Bxe4 dxe4 {0-1 (32) Hrabusa,M (2077)-Krcal,M (2105) Frydek Mistek 2006}) 16. Bxf6 {[%emt 0:08:42]} Nxf6 {[%emt 0:03:46]} 17. g5 {[%emt 0:11:12]} Nd7 {[%emt 0:00:32]} 18. Nd5 {[%emt 0:02:07]} Bxd5 {[%emt 0:00:55]} 19. exd5 {[%emt 0:00:01]} exf4 {[%emt 0:00:37]} 20. g6 {[%emt 0:12:29]} Ne5 {[%emt 0:05:16]} 21. gxf7+ {[%emt 0:01:31]} Nxf7 {[%emt 0:01:45]} 22. Nd4 {[%emt 0:04:57]} O-O {[%emt 0:04:04]} 23. Ne6 $1 {[%emt 0:00:35]} Qd7 {[%emt 0:01:13]} (23... Ng5 $142) 24. Qf5 {[%emt 0:00:43]} Ng5 {[%emt 0:01:12]} 25. Qg6 {[%emt 0:07:25]} Bf6 {[%emt 0:09:55]} 26. Nxg5 {[%emt 0:00:12]} Bxg5 {[%emt 0:02:19]} 27. Qh7+ {[%emt 0:00:16]} Kf7 {[%emt 0:00:03]} 28. Bf5 {[%emt 0:05:30]} (28. Bg6+ $142 Kf6 29. Bh5 (29. Re6+ Qxe6 30. dxe6 Rh8 $17) 29... Rxc2+ 30. Kb1 Re2 31. Qg6+ Ke7 32. Qxg7+ Rf7 33. Qxf7+ Kd8 34. Qf8+ Kc7 35. Rc1+ Kb7 36. Rxe2) 28... f3+ {[%emt 0:08:17]} 29. Kb1 {[%emt 0:00:12]} Qc7 {[%emt 0:00:14]} 30. Bg6+ {[%emt 0:02:17]} Kf6 {[%emt 0:00:04]} 31. Re6# {[%emt 0:00:07]} 1-0

[Event "DFMMLV 2017"]
[Site "Braunfels"]
[Date "2017.06.16"]
[Round "3"]
[White "Pralle, Katharina"]
[Black "Fuchs, Antje"]
[Result "1-0"]
[WhiteElo "2018"]
[BlackElo "2052"]
[Annotator "NA"]
[PlyCount "57"]
[EventDate "2017.??.??"]
[EventType "team-tourn"]
[EventCountry "GER"]
[SourceTitle "playchess.com"]
[Source "ChessBase"]
[SourceQuality "1"]
[TimeControl "40/5400+30:1800+30"]

1. c4 {[%emt 0:00:00]} Nf6 {[%emt 0:00:20]} 2. Nc3 {[%emt 0:00:00]} g6 {[%emt 0:00:39]} 3. g3 {[%emt 0:00:12]} Bg7 {[%emt 0:00:44]} 4. Bg2 {[%emt 0:00:06]} c5 {[%emt 0:00:30]} 5. Nf3 {[%emt 0:00:38]} Nc6 {[%emt 0:00:17]} 6. O-O {[%emt 0:01:58]} d6 {[%emt 0:04:25]} 7. d4 {[%emt 0:03:54]} cxd4 {[%emt 0:00:47]} 8. Nxd4 {[%emt 0:00:11]} Bd7 {[%emt 0:01:00]} 9. Rb1 {[%emt 0:09:27] A31: Symmetrical English: 2 Nf3 Nf6 3 d4} (9. Nc2 O-O 10. b3 Qc8 11. Re1 Bh3 12. Bh1 Ng4 13. Qd2 Rd8 14. Rb1 h5 15. Nd5 Nf6 16. Nf4 Bf5 17. e4 Bg4 18. f3 Bd7 {0-1 (48) Ganguly,S (2644)-Lu,S (2624) Liaocheng 2017}) 9... Qc8 {[%emt 0:04:16]} 10. Nxc6 {[%emt 0:06:12]} bxc6 {[%emt 0:00:55]} 11. e4 $146 {[%emt 0:03:51]} ({Predecessor:} 11. b3 Bh3 12. Bb2 h5 13. f3 Bxg2 14. Kxg2 h4 15. Rh1 Qe6 16. Qd3 Rd8 {1-0 (54) Stepanenko,A-Evchin,M (2282) Kiev 2002}) 11... h5 {[%emt 0:06:20]} 12. h4 {[%emt 0:02:29]} Bh3 {[%emt 0:03:29]} 13. Re1 {[%emt 0:16:39]} Bxg2 {[%emt 0:02:19]} 14. Kxg2 {[%emt 0:00:08]} Ng4 {[%emt 0:01:38]} 15. Qc2 {[%emt 0:14:35]} Bd4 {[%emt 0:06:56]} 16. f3 $2 {[%emt 0:03:30]} (16. Rf1 $11 {and White has nothing to worry.}) 16... Nf2 {[%emt 0:01:55]} 17. Kf1 {[%emt 0:10:40]} Qh3+ {[%emt 0:03:13]} 18. Ke2 {[%emt 0:00:07]} Qxg3 {[%emt 0:06:42]} 19. Be3 {[%emt 0:05:49]} Bxe3 {[%emt 0:00:39]} 20. Kxe3 {[%emt 0:00:06]} Ng4+ {[%emt 0:00:39]} 21. Kd2 {[%emt 0:01:38]} Ne5 {[%emt 0:03:14]} 22. Qa4 {[%emt 0:04:30]} Nxf3+ {[%emt 0:03:35]} 23. Kc2 {[%emt 0:02:28]} Nxe1+ {[%emt 0:02:57]} 24. Rxe1 {[%emt 0:00:14]} O-O {[%emt 0:00:38]} 25. Re2 {[%emt 0:00:41]} Rfc8 {[%emt 0:00:55]} 26. c5 {[%emt 0:07:49]} Qxh4 {[%emt 0:01:34]} 27. cxd6 {[%emt 0:01:09]} exd6 {[%emt 0:01:11]} 28. Qb4 {[%emt 0:03:18]} Qf4 $19 {[%emt 0:04:57]} 29. Qd4 {[%emt 0:00:00]} 1-0

[Event "DFMMLV 2017"]
[Site "Braunfels"]
[Date "2017.06.16"]
[Round "3"]
[White "Frank, Tena"]
[Black "Schulz, Petra"]
[Result "1-0"]
[WhiteElo "1982"]
[BlackElo "2110"]
[Annotator "TA"]
[PlyCount "104"]
[EventDate "2017.??.??"]
[EventType "team-tourn"]
[EventCountry "GER"]
[SourceTitle "playchess.com"]
[Source "ChessBase"]
[SourceQuality "1"]

{[%evp 13,104,26,33,28,40,0,15,12,4,-14,8,0,18,-16,-18,-54,-16,-73,0,-58,-28,-75,-13,-57,-45,-62,-37,-52,-30,-30,56,57,164,150,229,225,237,204,183,92,115,82,174,174,174,174,239,264,256,250,258,258,223,0,212,107,118,179,145,125,369,387,393,399,368,386,733,719,727,723,667,672,837,841,1196,1167,1622,1622,1521,1279,1165,972,960,938,933,957,1772,1618,2433,2297,29990,29991,29991]} 1. d4 Nf6 2. c4 g6 3. Nc3 Bg7 4. e4 d6 5. Nf3 O-O 6. h3 e5 7. d5 a5 {LiveBook: 1177 Games} 8. a3 {E90: King's Indian: Classical: Early deviations and 6 h3} (8. g4 Na6 9. Be3 Nd7 10. a3 Nb6 11. Rg1 Bd7 12. h4 Nc5 13. b3 Kh8 14. a4 c6 15. dxc6 Bxc6 16. Bd3 Nbd7 17. Bc2 {½-½ (40) Tomashevsky,E (2696)-Saric,I (2618) Minsk 2017}) 8... Na6 $146 ({Predecessor:} 8... Bd7 9. Nd2 Ne8 {½-½ (9) Grunberg,S (2375)-Badea,B (2395) Romania 1992}) 9. b4 Bd7 10. Rb1 {The position is equal.} Nh5 11. g3 (11. c5 $5) 11... axb4 12. axb4 f5 13. Bd3 Nf6 14. Nd2 Qc8 15. Bf1 (15. exf5 $11 Bxf5 16. Nde4) 15... h5 ({Black should play} 15... c5 $17 16. dxc6 bxc6) 16. f3 (16. Bg2 $11) 16... Nh7 (16... c5 $5 {[%cal Rc5b4]} 17. dxc6 bxc6 $11) 17. Qc2 Bh6 (17... Qd8 $17) 18. Bd3 f4 19. g4 $1 Qd8 $1 {[%cal Rd8h4] Strongly threatening ...Qh4+.} 20. Ke2 Bg5 21. c5 dxc5 (21... Kg7 $11) 22. Bxa6 $1 $14 bxa6 (22... Rxa6 $14 23. bxc5 Ra7) 23. bxc5 $18 {[%cal Bb4c5,Bc5c6][%mdl 32]} Be7 (23... Bc8 $16 24. Nc4 Bf6) 24. c6 Bc8 25. Nc4 Bd6 26. Na5 (26. Nxd6 $18 cxd6 27. gxh5) 26... Qe7 $16 27. Bd2 Bb4 (27... Ng5 $16 {was necessary.}) 28. Nd1 $18 {[%cal Bc3d1,Bd1f2,Bf2d3][%mdl 32]} Bxd2 29. Qxd2 hxg4 (29... h4 $142 30. Nf2 Ng5) 30. hxg4 Ng5 {White should prevent ...Bxg4!} 31. Nf2 Qc5 32. Nd3 Qe7 {intending ...Bxg4.} 33. Nf2 Qc5 {[#]} 34. Rhc1 (34. Rb3 $1 $18) 34... Qe3+ $16 35. Qxe3 fxe3 {[#]} 36. Nd3 $1 $36 {[%cal Rd3e5][%mdl 2048] White is really pushing.} ({Much weaker is} 36. Kxe3 $6 Rxf3+ 37. Ke2 Rf4 $11) 36... Nxf3 $2 (36... Rxf3 $16 37. Nxe5 Rf4) 37. Kxe3 $18 Bxg4 38. Nc4 Rae8 39. Rb7 Nh4 $2 (39... Rc8 40. Ndxe5 Nxe5) 40. Ndxe5 Ng2+ 41. Kd4 Nf4 42. Ra1 Bh5 43. Rxc7 g5 44. Rxa6 Ra8 45. Raa7 Rxa7 46. Rxa7 g4 47. Ne3 g3 48. Ra2 Ne2+ 49. Kc4 Kh7 50. c7 Kh6 51. d6 {[%cal Bd5d6,Bd6d7][%mdl 32]} Kg5 52. d7 Kf4 {Precision: White = 48%, Black = 27%.} 1-0